[Event "Western States op"]
[Site "USA"]
[Date "1997.10.26"]
[Round "5"]
[White "Baburin, Alexander"]
[Black "Ziatdinov, Raset"]
[Result "1-0"]
[WhiteElo "2570"]
[BlackElo "2535"]
[Annotator "Baburin,A"]
[PlyCount "103"]
[EventDate "1997.??.??"]
[EventType "swiss"]
[EventRounds "5"]
[EventCountry "USA"]
[SourceTitle "CBM 061"]
[Source "ChessBase"]
[SourceDate "1997.11.23"]
[SourceVersion "1"]
[SourceVersionDate "1997.11.23"]
[SourceQuality "1"]

1. d4 d5 2. c4 e6 3. Nc3 Be7 4. cxd5 exd5 5. Bf4 Nf6 6. e3 O-O 7. Bd3 c6 8. Qc2
Nbd7 9. Nf3 Re8 10. h3 Nf8 {Black's treatment of the opening has not been
precise. Usually, it's Black to play in this position. However, in the game,
White did not take advantage of the extra tempo.} 11. O-O-O a5 12. Kb1 Be6 13.
g4 N6d7 14. Rhg1 (14. Rc1 $5) 14... a4 15. h4 ({Taking the pawn might be risky
after} 15. Nxa4 Qa5) 15... Qa5 16. g5 a3 17. b3 c5 18. dxc5 Nxc5 19. Nd4 Rec8 {
Black has succeeded in seizing the initiative, and White has to forget his
ambitions on the kingside for awhile.} 20. Ncb5 Nxd3 21. Qxd3 Nd7 $6 ({I was
more concerned about} 21... Bd7 $5 {with a further ...Ne6 or ...Rc5.}) 22. g6
$1 hxg6 {Black has a clever idea in mind, but objectively the position is in
White's favor.} 23. Nxe6 fxe6 24. Qxg6 Bf6 25. Be5 $1 ({It's easy to fall into
the following trap:} 25. Bh6 $4 Qxb5 26. Bxg7 Qxb3+ 27. axb3 a2#) 25... Bxe5
26. Qxe6+ Kh8 27. Rxd5 Qb4 ({As Ziatdinov pointed out in the post-mortem, he
considered another interesting move here -} 27... Rc7 {. Then, it wouldn't be
easy for White to come up with the right idea.} 28. f4 $2 ({The best move here
is} 28. Rgd1 $1 Qb4 29. Rxd7 Qe4+ 30. R7d3 Rc1+ $1 (30... Rd8 31. Nd4 $18) 31.
Kxc1 Bb2+ 32. Kb1 Qxe6 33. Nc7 $13) 28... Qb4 29. Nxc7 Qe4+ (29... Qc3 30. Rg2
Qa1+ 31. Kc2 Qxa2+ 32. Kd3 $18) 30. Kc1 Qxe3+ 31. Kc2 Rc8 $19) 28. Rxe5 Nxe5
29. Qxe5 Qf8 30. Nd6 Ra5 $1 {The best try. Everything else surely loses:} (
30... Rc6 31. Rg6 Kg8 32. f4 $1 Raa6 33. Qe6+ Kh8 34. Rg5 $18) (30... Rc7 31.
Qh5+ Kg8 32. Qd5+ Kh7 33. Rg5 g6 34. h5 Qxf2 35. hxg6+ Kg7 36. Qe5+ Kg8 37.
Qe6+ Kg7 38. Nf5+ $18) 31. Qxa5 Qxd6 32. Qh5+ Kg8 33. Qe2 Qe5 34. e4 b5 35. f3
{Black has some compensation for two pawns, as White's king is very vulnerable.
Both players were approaching time trouble.} Rc3 36. Rg5 Qf4 37. Qd1 Rxf3 38.
Qd8+ Qf8 39. Qxf8+ Rxf8 40. Rxb5 Rf1+ 41. Kc2 Rf2+ 42. Kc3 Rxa2 43. Kb4 Ra1 $2
({Black should be able to survive after the correct} 43... Rh2 44. Kxa3 Rxh4 {
- the g-pawn should give him enough countre-chances.}) 44. h5 $1 a2 45. Ka3 Re1
$2 (45... Kf7 46. Kb2 Re1 47. Kxa2 Rxe4 48. Ka3 Ke7 49. b4 Kd6 50. Rc5 $1 $18)
46. Kxa2 Rxe4 47. Rf5 Kh7 48. Ka3 g6 49. hxg6+ Kxg6 50. Rf1 Re8 51. b4 Rb8 52.
Ka4 1-0

[Event "Enghien les Bains 3rd"]
[Site "Enghien les Bains"]
[Date "1999.03.04"]
[Round "2"]
[White "Beliavsky, Alexander G"]
[Black "Rausis, Igors"]
[Result "1-0"]
[WhiteElo "2650"]
[BlackElo "2508"]
[Annotator "Baburin,A"]
[PlyCount "87"]
[EventDate "1999.03.03"]
[EventType "tourn"]
[EventRounds "9"]
[EventCountry "FRA"]
[EventCategory "15"]
[SourceTitle "CBM 070"]
[Source "ChessBase"]
[SourceDate "1999.06.08"]
[SourceVersion "1"]
[SourceVersionDate "1999.06.08"]
[SourceQuality "1"]

1. d4 Nf6 2. c4 e6 3. Nf3 d5 4. Nc3 Nbd7 5. cxd5 exd5 6. Bf4 c6 7. e3 {In this
position Black has four different options available for him: 1. He can carry
on with 'normal' development (Be7, 0-0, Re8 and Nf8). Then White's bishop
might be better off on f4 than on g5, as it does not allow simplifying moves
like ...Ne4. 2. Black can play 7...Nh5, after which 8 Bg5 Be7 is probably good
for him. Yet, 8 Bg3 is more testing. 3. Black can try 7...Ne4, followed by ...
Ndf6 and ...Bf5. 4. Black can try to develop his queen's bishop to f5 or by
playing 7...Nb6 - the plan he chose in this game.} Nb6 (7... Nh5 8. Bg3 Nxg3 9.
hxg3 Bd6 10. Qc2 ({Less testing is} 10. Bd3 Qe7 11. Qc2 Nf6 12. a3 g6 13. O-O
O-O 14. b4 Re8 15. Na4 Ne4 16. Rfe1 Bg4 17. Nc5 h5 {and Black was fine in the
game Seirawan-Andersson, USA 1986.}) 10... Nf6 11. Ne5 g6 12. f4 Ng4 13. Qd2
Bxe5 14. dxe5 Qb6 15. e4 Be6 {with unclear play, as in the game
Anastasian-Kiriakov, St. Petersburg 1994.}) ({After} 7... Be7 8. h3 O-O 9. Qc2
Re8 10. Bd3 Nf8 {White may play} 11. O-O-O {where after} Ng6 12. Bh2 Bd6 13. g4
Bxh2 14. Nxh2 Qa5 15. Kb1 Be6 16. f4 Nf8 17. Nf3 b5 18. Ne5 {White seized the
initiative in the game Brunner-Straeter,BL 1994.}) 8. Qc2 Bg4 9. Ne5 Bh5 10. f3
$5 $146 {I think that this is an important novelty - previously White mainly
played 10 Bd3 here and after 10...Bg6 Black usually solved his problems. The
text move is similar in its ideas to the line 1 d4 d5 2 c4 e6 3 Nc3 Be7 4 cxd5
exd5 5 Bf4 c6 6 Qc2 g6 7 e3 Bf5 8 Qd2, where White later plays f2-f3 and
attacks the f5-bishop. So, bringing the bishop from c8 does not always mean
that Black's troubles with this piece are over!} Bd6 11. Qd2 Qe7 12. g4 Bg6 13.
h4 h6 14. Nxg6 fxg6 15. Bxd6 Qxd6 16. O-O-O O-O-O 17. b3 $5 {Yet another
typical move - it's good to limit the scope of the b6-knight.} g5 18. Bd3 Rhe8
19. hxg5 hxg5 {White has a better pawn structure, which enables him to try
various plans here, while Black has to stay passive. Such positions are very
difficult to hold.} 20. Rh3 Kb8 21. Rdh1 a6 22. Bg6 Re7 23. Rh8 Rxh8 24. Rxh8+
Ka7 25. Bd3 Qg3 26. Be2 Qd6 27. Kb2 Qe6 28. Nd1 Qd6 29. Qa5 Nfd7 30. Kc1 $1 Qg3
31. Kd2 Qd6 32. a4 $1 Qa3 33. Qc3 Qd6 34. Nb2 c5 $2 {Black should have stuck
to a passive defence.} 35. a5 Na8 36. Na4 Qc6 37. dxc5 Nc7 38. Nb6 Ne8 39. Qd4
Ndf6 40. Bd3 Rc7 41. b4 Re7 42. Bc2 g6 43. Ba4 Qe6 44. c6 {This is certainly a
model game for White in this line!} 1-0

[Event "Belgrade Investbank"]
[Site "Belgrade"]
[Date "1995.??.??"]
[Round "1"]
[White "Kramnik, Vladimir"]
[Black "Timman, Jan H"]
[Result "1-0"]
[WhiteElo "2730"]
[BlackElo "2590"]
[Annotator "Baburin,A"]
[PlyCount "67"]
[EventDate "1995.11.??"]
[EventType "tourn"]
[EventRounds "11"]
[EventCountry "YUG"]
[EventCategory "17"]
[SourceTitle "CBM 051"]
[Source "ChessBase"]
[SourceDate "1996.04.01"]
[SourceVersion "1"]
[SourceVersionDate "1996.04.01"]
[SourceQuality "1"]

1. Nf3 Nf6 2. c4 e6 3. Nc3 d5 4. d4 Nbd7 5. cxd5 exd5 6. Bg5 c6 7. e3 Be7 8.
Bd3 Nh5 9. Bxe7 Qxe7 10. O-O O-O 11. Qb1 $5 $146 {Usually White plays in this
position 11.Rb1 with further b2-b4-b5, while Black could employ two ideas:
g7-g6, Ng7 with an eventual Bc8-f5, or f7-f5-f4. In the game White gains a
tempo to play b2-b4.} Nhf6 12. b4 Re8 13. Rc1 $1 {Here and later White does
not want to play b4-b5 in a view of the standard reply c6-c5. Instead Kramnik
prepares the advance of the b-pawn carefully, while Black finds it difficult
to keep the Knight on d7 al the time.} a6 14. a4 g6 15. Qb2 $5 a5 (15... Nf8
16. b5 $16) 16. bxa5 Rxa5 17. Nd2 Ng4 $6 18. Nb3 Qd6 19. g3 Ra7 20. e4 $5 {
White is well prepared for action in the centre.} dxe4 21. Nxe4 Qf8 22. Re1 b6
$6 (22... Ngf6) 23. Nbd2 Ba6 24. Bc2 $1 {The white Bishop will be very active
on the a2-g8 diagonal.} Rb7 25. Bb3 Ngf6 26. Rac1 Rc8 27. Nxf6+ Nxf6 28. d5 $1
Nxd5 29. Ne4 Rd8 30. Rxc6 Qb4 31. Nf6+ Kf8 32. Nxh7+ Kg8 33. Nf6+ Kf8 34. Re4
1-0

[Event "ROM-ch"]
[Site "Iasi"]
[Date "1999.12.14"]
[Round "2"]
[White "Grigore, George Gabriel"]
[Black "Negulescu, Adrian"]
[Result "1-0"]
[WhiteElo "2526"]
[BlackElo "2440"]
[Annotator "Baburin,A"]
[PlyCount "115"]
[EventDate "1999.12.13"]
[EventType "tourn"]
[EventRounds "15"]
[EventCountry "ROU"]
[EventCategory "9"]
[SourceTitle "CBM 075"]
[Source "ChessBase"]
[SourceDate "2000.04.05"]
[SourceVersion "1"]
[SourceVersionDate "2000.04.05"]
[SourceQuality "1"]

1. d4 d5 2. c4 e6 3. Nc3 Nf6 4. cxd5 exd5 5. Bg5 c6 6. e3 Bf5 7. Qf3 Bg6 8.
Bxf6 gxf6 ({Perhaps Black's defence is easier without the queens:} 8... Qxf6 9.
Qxf6 gxf6 {Anyway, this is what most GMs prefer here.}) 9. O-O-O {Here White
had a wide choice of promising continuations:} (9. Rd1 Nd7 10. Bd3 Qb6 11. Qe2
f5 12. Qc2 f4 $6 13. exf4 Bxd3 14. Rxd3 Nf6 15. Re3+ Be7 16. Nge2 Ng4 17. Rg3
Nf6 18. Qf5 $16 {Zaja-Nikolac, Pula 1998.}) (9. h4 h5 10. Nh3 Bd6 11. Nf4 Nd7
12. O-O-O Qe7 13. Bd3 Rh6 14. e4 dxe4 15. Bxe4 $36 {Bacrot-Anic, Bescanon 1999.
}) ({RR} 9. Qd1 Qb6 10. Qd2 Nd7 11. h4 h5 12. Nge2 Bd6 13. Nf4 Bxf4 14. exf4
Nf8 15. O-O-O Ne6 16. Bd3 Bxd3 17. Qxd3 Kf8 18. f5 Ng7 19. Ne2 {Vaisser-Anic,
French T-Ch 1999.}) 9... Bb4 10. Nge2 Nd7 11. h4 h6 12. a3 (12. h5 $5 Bh7 13.
Qf4) 12... Be7 (12... Bd6 $5) 13. Nf4 (13. h5 $5 Bh7 14. Qf4 Bf8 15. g3) 13...
Qa5 14. Nxg6 fxg6 15. e4 {White has chosen a very dynamic way to develop his
initiative: although Black's pawn formation is not so compromised now, he
still has problems due to his lack of development.} dxe4 16. Qxe4 f5 17. Qe1
Nf6 18. Bc4 Ne4 $2 {Black obviously hoped that the opposite squared bishops
would give him good drawing chances in the resulting endgame, but with the
rooks on his defence is extremely difficult. I think that the whole idea of
sacrificing a pawn in order to reach that ending was faulty.} (18... Rh7 $5)
19. Nxe4 Qxe1 20. Rhxe1 fxe4 21. Rxe4 Rd8 22. Rde1 Rh7 23. g3 $16 Rd6 24. Kc2
Kd8 25. Re6 Rxe6 26. Rxe6 Rf7 27. f4 Rf6 28. Re4 Rd6 29. Bf7 Kd7 30. Kc3 Rf6
31. Bc4 Rd6 32. b4 Bf6 33. Bf7 Be7 34. Re5 Bf6 35. Bxg6 Bxe5 36. Bf5+ Ke7 37.
dxe5 Rd1 38. Bc8 h5 39. Bxb7 Rg1 40. Kd4 Rxg3 41. Bxc6 Rg4 42. Ke3 Rxh4 43. f5
Rh3+ 44. Ke4 Rh2 45. Bd5 Rf2 46. f6+ Kf8 47. Be6 h4 48. b5 Re2+ 49. Kf4 Rf2+
50. Ke3 Rb2 51. Bg4 h3 52. e6 Rxb5 53. e7+ Kf7 54. Bd7 Re5+ 55. Kf2 h2 56. Kg2
Re2+ 57. Kh1 Kxf6 58. e8=Q 1-0

[Event "Petrov Memorial op"]
[Site "St Petersburg"]
[Date "2000.02.09"]
[Round "3"]
[White "Bu, Xiangzhi"]
[Black "Yagupov, Igor"]
[Result "1-0"]
[WhiteElo "2565"]
[BlackElo "2482"]
[Annotator "Baburin,A"]
[PlyCount "81"]
[EventDate "2000.02.05"]
[EventType "swiss"]
[EventRounds "9"]
[EventCountry "RUS"]
[SourceTitle "CBM 076"]
[Source "ChessBase"]
[SourceDate "2000.05.31"]
[SourceVersion "1"]
[SourceVersionDate "2000.05.31"]
[SourceQuality "1"]

1. d4 d5 2. c4 c6 3. Nf3 Nf6 4. Nc3 e6 5. cxd5 exd5 6. Bg5 Bf5 (6... Be7 7. Qc2
g6 $11) 7. Qb3 b5 ({Less committing is} 7... Qb6 {for example:} 8. Bxf6 gxf6 9.
Nd2 Nd7 10. e3 a5 11. Qxb6 Nxb6 12. Be2 Bd6 13. O-O O-O 14. Rac1 a4 15. Rfd1 a3
16. b3 Bb4 17. Nf1 Rfe8 18. Ng3 Bg6 19. h4 h6 20. Bd3 Nc8 21. Nce2 Bd6 22. h5
Bxd3 23. Rxd3 Bxg3 24. Nxg3 Nd6 $11 {Beliavsky-Salov, Linares 1993.}) 8. Ne5 $5
Be7 (8... a5 $142 9. a3 a4 10. Qd1 b4 11. axb4 Bxb4 12. Rxa4 Rxa4 13. Qxa4 Qb6
14. Bd2 Bd6 15. e3 Qxb2 16. Bd3 Bxd3 17. Nxd3 Qb7 18. O-O O-O $11 {
Skalik-Sveshnikov, Anapa 1991.}) 9. e3 O-O 10. Bd3 $1 Bxd3 11. Nxd3 Nbd7 12.
O-O a5 13. Qc2 a4 14. Ne2 Rc8 15. b3 $1 {White challenges his opponent on the
queenside: exchanging on b3 opens the a-file for White, while on a3 Black's
pawn might turn into a weakness.} a3 16. Ng3 Ne4 17. Bxe7 Qxe7 18. Rac1 f5 19.
Qe2 Rf6 20. Rc2 {Black's problem is that the weakness on c6 is not compensated
by any counter-play on the kingside. Black has to sit tight and wait what
White will come up with.} Rb8 21. Rfc1 Rb6 22. Qf3 $1 g6 23. Qf4 $1 $16 {
White gradually improves his position. Now he is ready to kick the e4-knight
with f2-f3.} Qd6 24. Ne5 Nb8 25. f3 Nxg3 26. hxg3 {White creates possibility
to remove the f5-pawn with g3-g4 later on.} Kg7 27. g4 fxg4 28. Qxg4 Qe6 29.
Qg3 $5 {This is an interesting decision - White would have stood better in the
endgame, but he hopes to have an even bigger advantage in the middle game,
after he re-groups his forces for the kingside attack.} Qe8 30. Kf2 $1 Na6 31.
Rh1 Rf5 32. Nd3 Qe7 33. Rcc1 Kg8 34. Qh3 Rf6 35. Qc8+ Rf8 36. Qg4 Rf5 37. Rh6
$18 Qe4 38. Nf4 Rxf4 39. exf4 Qxd4+ 40. Kg3 c5 41. Re1 {This is a very
impressive game by young Chinese player!} 1-0

[Event "EU-chT (Men) 12th"]
[Site "Batumi"]
[Date "1999.12.06"]
[Round "8.1"]
[White "Beliavsky, Alexander G"]
[Black "Filippov, Valerij"]
[Result "1-0"]
[WhiteElo "2618"]
[BlackElo "2605"]
[Annotator "Baburin,A"]
[PlyCount "69"]
[EventDate "1999.11.06"]
[EventType "team-swiss"]
[EventRounds "9"]
[EventCountry "GEO"]
[SourceTitle "CBM 074"]
[Source "ChessBase"]
[SourceDate "2000.02.01"]
[SourceVersion "1"]
[SourceVersionDate "2000.02.01"]
[SourceQuality "1"]
[WhiteTeam "Slovenia"]
[BlackTeam "Russia"]
[WhiteTeamCountry "SLO"]
[BlackTeamCountry "RUS"]

1. d4 d5 2. c4 c6 3. Nf3 Nf6 4. Nc3 e6 5. Bg5 Nbd7 6. cxd5 exd5 7. e3 Be7 8.
Bd3 Ne4 {It is not really clear whether this move is better than the usual 8...
0-0, 9...Re8, 10...Nf8, etc.} 9. Bxe7 Qxe7 10. Qc2 f5 {Black supports the
e4-knight and clears the path for his rook to the kingside (via f6). But this
move also leaves the e5-square somewhat weak.} 11. O-O O-O 12. Rab1 a5 13. a3 (
13. Rfc1 {led to complicated play after} Rf6 14. Ne2 Rh6 15. Ng3 Nf8 16. Ne5
Ng6 17. f4 Nxe5 18. dxe5 {in the game Riazantsev-Kharitonov, Moscow 1999.})
13... Kh8 14. Rfe1 Rf6 15. Nd2 Nd6 16. Na4 b5 $6 {[%csl Rc5]} 17. Nc5 Nc4 18.
Nxd7 Bxd7 19. Nf3 $1 {White keeps the kingside well protected. On c5 his
knight may not have much to do.} Raf8 20. a4 $1 Qb4 21. Qc3 $1 Qxa4 (21... f4
22. Qxb4 axb4 23. axb5 $16) 22. b3 Qa3 23. Rec1 Nb6 24. Ra1 Qe7 25. Qxa5 f4 $2
({This is pretty desperate, but} 25... Qd8 26. g3 $16 {would have left White
with big advantage.}) 26. Qxb6 $18 fxe3 27. Qc5 exf2+ 28. Kxf2 Rxf3+ 29. gxf3
Qf6 30. Kg1 Kg8 31. Bf1 Qxf3 32. Bg2 Qe3+ 33. Kh1 Bh3 34. Rf1 Rxf1+ 35. Rxf1
1-0

[Event "WchT 3rd"]
[Site "Luzern"]
[Date "1993.??.??"]
[Round "6.2"]
[White "Bareev, Evgeny"]
[Black "Graf, Alexander"]
[Result "1-0"]
[WhiteElo "2660"]
[BlackElo "2580"]
[Annotator "Bareev,E"]
[PlyCount "79"]
[EventDate "1993.10.24"]
[EventType "team-tourn"]
[EventRounds "9"]
[EventCountry "SUI"]
[SourceTitle "CBM 038"]
[Source "ChessBase"]
[SourceDate "1994.02.01"]
[SourceVersion "1"]
[SourceVersionDate "1994.02.01"]
[SourceQuality "1"]
[WhiteTeam "Russia"]
[BlackTeam "Uzbekistan"]
[WhiteTeamCountry "RUS"]
[BlackTeamCountry "UZB"]

1. d4 Nf6 2. c4 e6 3. Nc3 d5 4. cxd5 exd5 5. Bg5 Be7 6. e3 O-O 7. Bd3 Re8 8.
Nge2 Nbd7 9. O-O Nf8 10. b4 $5 (10. Qc2 Be6 (10... g6 11. f3 Ne6 12. Bh4 c5 13.
Bb5 Rf8 14. dxc5 a6 15. Ba4 Nxc5 16. Nd4 Nxa4 17. Qxa4 b5 18. Qb3 Bb7 19. a4
Nd7 20. Bxe7 Qxe7 21. Rfe1 Nc5 22. Qb4 Qc7 23. Rad1 bxa4 24. Nxa4 $14 {
Nogueiras,J-Diaz,JC/Holguin ch-CU (03)/1991/0.5 (53)}) (10... Ng6 11. a3 c6 12.
b4 Bd6 13. Ng3 a6 14. Rae1 h6 15. Bxh6 gxh6 16. Bxg6 fxg6 17. Qxg6+ Kh8 18. e4
Bf4 19. e5 Ng4 20. Nce2 Bd2 21. Rd1 Rg8 22. Qh5 Qg5 23. Qxg5 Bxg5 24. h3 $16 {
Polgar,Zsu-Ivanchuk,V/Monaco blind (08)/1993/1-0 (40)}) (10... Bg4 11. f3 Bh5
12. Nf4 Bg6 13. Bxf6 Bxf6 14. Nfxd5 c6 15. Nxf6+ Qxf6 16. Bxg6 Nxg6 17. Qf2
Rad8 18. Rad1 Rd7 19. f4 Red8 20. f5 Nf8 21. Qf4 Re8 22. Rf3 b6 23. Rg3 Rde7
24. e4 $18 {Stanec,N-Lendwai,R/Velden op (6)/1993/1-0 (27)}) 11. Nf4 Rc8 (11...
c6 12. f3 Rc8 13. Rad1 a6 14. Kh1 N6d7 15. Bxe7 Qxe7 16. h3 Qg5 17. Qd2 Nf6 18.
e4 dxe4 19. fxe4 Nh5 20. Nxh5 Qxh5 21. Qf2 Rcd8 22. Be2 Qg6 23. d5 cxd5 24.
exd5 $14 {Yrjola,J-Muco,F/Novi Sad olm (10) FIN-ALB/1990/0.5 (33)}) 12. Qb3 c5
13. Bb5 cxd4 14. Bxe8 dxc3 15. Ba4 Rc4 16. bxc3 Ne4 17. Bxe7 Qxe7 18. Bb5 Rxc3
19. Qb2 a6 20. Bd3 Rc6 21. Rac1 Nc5 22. Be2 Nfd7 23. Rfd1 Nb6 24. Bf3 $16 {
Berg,K-Hector,J/Graested (5)/1990/1-0 (28)}) (10. f3 Ng6 11. Qc2 c6 12. Rad1
Qa5 13. Qb1 Be6 14. Ng3 Rad8 15. Bf5 c5 16. Rfe1 Nf8 17. Rc1 g6 18. Bd3 c4 19.
Bf1 Bc8 20. Qc2 Ne6 21. Bh6 {Spraggett,K-Gil,J/Ibercaja op/1992/0.5 (21)})
10... a6 (10... Bxb4 11. Bxf6 gxf6 12. Qb3 Bxc3 13. Nxc3 c6 14. Qd1 f5 15. Qh5
Qf6 16. Ne2 Ng6 17. Ng3 Nh4 18. Rae1 h6 19. f3 Qg5 20. e4 f4 21. exd5 Bd7 22.
Qxg5+ hxg5 23. Ne4 Kg7 24. dxc6 $16 {Gutman,L-Razuvaev,Y/USSR/1976/0-1 (44)})
11. a4 $5 $146 Bxb4 12. Bxf6 gxf6 13. Qb3 Bxc3 14. Nxc3 c6 15. a5 $44 Qd6 (
15... Rb8 $2 16. Bxa6 Ra8 17. Bxb7 Bxb7 18. Qxb7 $16) (15... Ne6 $5) 16. Na4
Ne6 17. Qc2 (17. Rab1 $5) 17... h6 18. f4 $2 {xe4} (18. Rab1 $1) 18... Ng7 19.
Rf3 f5 (19... Bg4 20. Rg3 f5 21. h3 Nh5 22. Qf2 $16) 20. Rb1 $2 (20. Nb6 $1 Rb8
21. Nxc8 Rbxc8 22. Bxf5 Rc7 {/\ c5=}) 20... Re7 21. Nc5 (21. Nb6 $8) 21... Qf6
$17 (21... Rb8 22. Rg3) 22. Bf1 Ne8 23. Nd3 Nd6 24. Ne5 Be6 25. Bd3 Kh8 26. Rh3
Rg8 27. Rf1 Rg7 (27... Ne4 28. Rff3 Rg7 29. Rh5 {/\ Rf3-h3}) 28. Rff3 Re8 29.
Rh5 Reg8 30. Bf1 Rh7 31. Rfh3 Qg7 (31... Ne4 32. Qb2 Bc8 33. Rxh6 $1) 32. Qf2
$1 f6 $4 (32... Ne8 $1 33. Qh4 Nf6 34. Rxh6 Rxh6 35. Qxh6+ Qxh6 36. Rxh6+ Kg7
37. Rh3 Ne4 38. Nd3 Rc8 39. Nc5 Nxc5 40. dxc5 Rd8 $1 {/\ d4-+}) 33. Qh4 $1 Bf7
(33... fxe5 34. Rxh6 Rxh6 35. Qxh6+ Qxh6 36. Rxh6+ Kg7 37. Rxe6 $18) (33... Nf7
34. Rg3 Ng5 35. fxg5 fxg5 36. Qh3 {/\ Bd3} Rf8 (36... Qf6 37. Bd3 f4 38. Ng4
$18) 37. Rgxg5 hxg5 38. Rxh7+ Qxh7 39. Ng6+ $18) 34. Nxf7+ (34. Rg3 $1 Bxh5 35.
Rxg7 Kxg7 36. Qxh5 fxe5 37. dxe5 Ne4 38. Qxf5 $18) 34... Qxf7 (34... Nxf7 35.
Rxf5 $18) 35. Rxh6 Rgg7 36. Rxf6 $1 Rxh4 37. Rxh4+ Kg8 38. Rxf7 Kxf7 39. Rh5
Ke6 40. Bd3 $138 (40. Bd3 Nc4 41. e4 $1 fxe4 42. Bxc4 dxc4 43. Kf2 $1 $18) 1-0